000 00669cam a22002173a 4500
001 37063
003 PGUSA
005 20140828083819.0
008 110813s2011||||xxu|||||s|||||000 | eng d
040 _aPGUSA
_beng
042 _adc
100 1 _aCuming, E. D.
_q(Edward William Dirom),
_d1862-1941
245 1 0 _aGeorge Morland :
_bSixteen examples in colour of the artist's work
_h[electronic resource] /
_cE. D. Cuming
260 _bProject Gutenberg,
_c2011
506 _aPublic domain in the USA.
516 _aElectronic text
700 1 _aMorland, George
830 0 _aProject Gutenberg
_v37063
856 4 0 _uhttp://www.gutenberg.org/ebooks/37063
942 _cEB
999 _c266318
_d266318